Statistics for Random Wordle Challenge Chain

Click here to take the quiz!

General Stats

  • This quiz has been taken 2,282 times
  • The average score is 3 of 5

Answers on the Map

Answers color-coded by a green-red scale on the quiz's map according to % correct below.
 

Answer Stats

NumberWord% Correct
1ables
100%
1acidy
100%
1acidy
100%
3acted
100%
1adieu
100%
1adopt
100%
1adore
100%
2adore
100%
1agree
100%
1align
100%
1alive
100%
1alley
100%
1alloy
100%
1aloud
100%
4alter
100%
4alter
100%
3alter
100%
2amigo
100%
1amole
100%
1amour
100%
1amour
100%
1amply
100%
1aorta
100%
5areas
100%
3areas
100%
1argon
100%
3aroma
100%
2aside
100%
3atoms
100%
2aural
100%
1avail
100%
1azine
100%
1backs
100%
2baned
100%
5banjo
100%
4bards
100%
2barge
100%
2barky
100%
2basis
100%
4beams
100%
2being
100%
1birds
100%
1blink
100%
3bliss
100%
1blunt
100%
1blush
100%
3bonus
100%
2boost
100%
1bores
100%
1brace
100%
2brand
100%
1brawl
100%
5brews
100%
1brits
100%
1bulbs
100%
1bumps
100%
1cabin
100%
1cable
100%
2cacao
100%
1camel
100%
2carve
100%
2chaps
100%
1chars
100%
2chase
100%
3chats
100%
4cheat
100%
1check
100%
1cheek
100%
3chick
100%
1child
100%
3chimp
100%
2choir
100%
1choke
100%
1chord
100%
5chose
100%
2cigar
100%
2cited
100%
1clash
100%
1clean
100%
5click
100%
2click
100%
1cloak
100%
1cloak
100%
1cloak
100%
1clone
100%
2clove
100%
3coach
100%
5coats
100%
4cocky
100%
3cocky
100%
5coded
100%
1color
100%
1coped
100%
1could
100%
1crash
100%
2crush
100%
2culls
100%
2curer
100%
1curly
100%
3dairy
100%
3dairy
100%
5deans
100%
2debut
100%
2decor
100%
1deify
100%
1deity
100%
1deter
100%
1dices
100%
4disks
100%
2dolls
100%
1dolls
100%
1dotty
100%
2doubt
100%
1downs
100%
3drain
100%
5draws
100%
1drool
100%
1drool
100%
5drops
100%
1dryer
100%
3dryly
100%
1dusky
100%
1earns
100%
2earth
100%
2elbow
100%
3enact
100%
1equal
100%
2ether
100%
1excel
100%
2feral
100%
1flier
100%
3flirt
100%
4float
100%
4flora
100%
1fluid
100%
3fonds
100%
5frogs
100%
4funky
100%
2gears
100%
3gourd
100%
2grain
100%
2graph
100%
1hails
100%
1hails
100%
3halos
100%
2haste
100%
1hated
100%
5hater
100%
3heals
100%
5heels
100%
1helix
100%
1hippy
100%
4hired
100%
1hoard
100%
4holed
100%
1honey
100%
4hotel
100%
3hotly
100%
1hours
100%
4house
100%
3hover
100%
4hunch
100%
5hurls
100%
1hurry
100%
4hurts
100%
1idyll
100%
2imams
100%
1imply
100%
4inset
100%
5jihad
100%
1joint
100%
1juice
100%
2kanes
100%
4kilos
100%
5label
100%
1lacey
100%
4lacks
100%
3lairs
100%
4lairs
100%
2lands
100%
2lasso
100%
1lauds
100%
1laugh
100%
1laugh
100%
3laved
100%
5lawns
100%
4least
100%
4lemon
100%
4lever
100%
2liked
100%
2limos
100%
1limps
100%
3lives
100%
5livid
100%
4loads
100%
2loath
100%
3loath
100%
2loath
100%
3lobes
100%
2lochs
100%
5logic
100%
1loins
100%
2looks
100%
4loved
100%
1loyal
100%
1lucky
100%
1ludic
100%
1lunar
100%
1lunge
100%
1lupin
100%
1lurch
100%
1lurch
100%
1lycee
100%
5maids
100%
5maids
100%
1major
100%
3manta
100%
2masts
100%
1maths
100%
1mayan
100%
1meals
100%
4melds
100%
2melon
100%
4meows
100%
1merch
100%
3mimed
100%
3mimer
100%
1mince
100%
1mines
100%
5modal
100%
1mores
100%
1mural
100%
3nails
100%
5neons
100%
2nodes
100%
1noted
100%
4novel
100%
2numbs
100%
1oaken
100%
3odors
100%
5often
100%
3often
100%
1okapi
100%
1older
100%
1olive
100%
1olive
100%
1other
100%
1oxide
100%
2paces
100%
1pales
100%
1panda
100%
2panes
100%
2panes
100%
2paper
100%
4payed
100%
1pearl
100%
2petal
100%
1phone
100%
1piste
100%
2plain
100%
5plate
100%
4pleas
100%
1plied
100%
2pools
100%
4prawn
100%
1prill
100%
3privy
100%
4prude
100%
2pumps
100%
2punts
100%
5puree
100%
1purge
100%
1quasi
100%
2queen
100%
2queen
100%
1queen
100%
1query
100%
2quilt
100%
1raced
100%
4races
100%
3racks
100%
2radar
100%
3radar
100%
4raged
100%
1rains
100%
4ravel
100%
3raven
100%
1rebel
100%
2recap
100%
3recon
100%
4reeks
100%
1reeks
100%
2relic
100%
2repel
100%
3repel
100%
3rings
100%
2roads
100%
1robes
100%
2rocks
100%
4rolls
100%
2round
100%
5rowed
100%
4rules
100%
4rusts
100%
3sails
100%
2salsa
100%
2savvy
100%
3scold
100%
1scour
100%
1serum
100%
1shady
100%
1shame
100%
1shard
100%
1sharp
100%
1shrub
100%
2sides
100%
1silly
100%
1siren
100%
1sirup
100%
5skeet
100%
1slick
100%
1slump
100%
2smile
100%
1smile
100%
1smirk
100%
1smoke
100%
2soars
100%
3soars
100%
2socks
100%
3sonic
100%
2sooth
100%
3sores
100%
2sorry
100%
2spawn
100%
2spell
100%
1spied
100%
1spiky
100%
2spite
100%
1spoil
100%
1spoke
100%
5stain
100%
2stair
100%
2stays
100%
1straw
100%
4stump
100%
1tails
100%
3taint
100%
4tense
100%
5tents
100%
1third
100%
2three
100%
2three
100%
5ticks
100%
1tiers
100%
1title
100%
1today
100%
1togas
100%
2topic
100%
1torch
100%
1torus
100%
5tower
100%
1triad
100%
1truck
100%
4tumor
100%
4tunes
100%
3twain
100%
1types
100%
5types
100%
2typic
100%
3ulcer
100%
2unity
100%
1untie
100%
5vague
100%
4valve
100%
1vault
100%
1vinyl
100%
1voids
100%
2wheat
100%
1white
100%
1windy
100%
1wiped
100%
2wiper
100%
3woosh
100%
4worms
100%
3worst
100%
1yolks
100%
3kicky
83%
2outed
83%
2sears
83%
3stash
83%
5bawls
80%
4keyed
80%
1laces
80%
1milky
80%
2onion
80%
3peaty
80%
4quite
80%
1silos
80%
2slams
80%
4soles
80%
2spews
80%
2stars
80%
5truce
80%
3tummy
80%
4alley
75%
3blimp
75%
5bodes
75%
2cores
75%
2early
75%
2erred
75%
2flesh
75%
5frogs
75%
2heaps
75%
2milky
75%
4plead
75%
2purer
75%
4purge
75%
5quiet
75%
2remit
75%
5sense
75%
4snare
75%
5spear
75%
3steel
75%
4swipe
75%
1tidal
75%
3upper
75%
2urges
75%
5wiser
75%
1anger
71%
4sucks
71%
4aboil
67%
1aboil
67%
3adage
67%
3aglow
67%
4atoll
67%
2bison
67%
3caved
67%
3chief
67%
4clock
67%
3coach
67%
4coast
67%
4comfy
67%
4deter
67%
4drank
67%
1ducat
67%
1epoch
67%
1evict
67%
2evils
67%
3flank
67%
2flour
67%
1force
67%
3grabs
67%
1kiosk
67%
1laked
67%
3loyal
67%
3malls
67%
5nosed
67%
2phone
67%
5polls
67%
4posed
67%
4probe
67%
5pulls
67%
5rants
67%
1reels
67%
3retro
67%
5saint
67%
1savoy
67%
5seeps
67%
4sheds
67%
2smell
67%
1spend
67%
3stone
67%
2strip
67%
5throw
67%
5tunas
67%
2voice
67%
4biome
60%
5dares
60%
5fonds
60%
3icons
60%
2inert
60%
3rains
60%
1snout
60%
3swine
60%
2brute
57%
3lists
57%
5acing
50%
3alter
50%
3amber
50%
3angry
50%
5anvil
50%
3artsy
50%
2avail
50%
4await
50%
4award
50%
1awoke
50%
2babel
50%
2batch
50%
5beams
50%
2beamy
50%
4bigot
50%
5biker
50%
2bloke
50%
4brisk
50%
3broad
50%
4buddy
50%
3bulks
50%
4canal
50%
3caner
50%
3canoe
50%
3carol
50%
5carts
50%
5carve
50%
3chaos
50%
2chief
50%
3clays
50%
5cocky
50%
5cooks
50%
4corky
50%
3crabs
50%
2crack
50%
4creep
50%
5crown
50%
3crust
50%
3culls
50%
3curds
50%
4cycle
50%
3dames
50%
4dates
50%
3decor
50%
5diced
50%
2disco
50%
2discs
50%
2drain
50%
1drama
50%
5draws
50%
5duped
50%
5eaten
50%
3emote
50%
3endow
50%
5feast
50%
1franc
50%
5gains
50%
4gaper
50%
5glace
50%
4glued
50%
2gnome
50%
5golem
50%
3guilt
50%
2harsh
50%
4heats
50%
5heave
50%
3hells
50%
4ideal
50%
4inset
50%
2jello
50%
3joeys
50%
4judge
50%
1kales
50%
3kneed
50%
5lamas
50%
4largo
50%
4later
50%
3letch
50%
2libel
50%
5lilac
50%
5loafs
50%
5lochs
50%
3loopy
50%
2macro
50%
5masts
50%
4mired
50%
5mixer
50%
4nitro
50%
4oaths
50%
2optic
50%
5petal
50%
4pills
50%
3poked
50%
5puppy
50%
3quasi
50%
4racks
50%
2racks
50%
3radar
50%
4radon
50%
4rails
50%
5ramen
50%
5ranch
50%
2ratio
50%
5raven
50%
3retro
50%
1rhino
50%
5rider
50%
4rumor
50%
4rupee
50%
3sadly
50%
4scold
50%
2shear
50%
3shows
50%
4softy
50%
4spied
50%
1spiky
50%
5spray
50%
1spray
50%
4stash
50%
4steer
50%
4stole
50%
5strap
50%
3talky
50%
4taxus
50%
5thorn
50%
4times
50%
5tusks
50%
3usurp
50%
3voids
50%
4wares
50%
2waved
50%
5whale
50%
2whale
50%
2whale
50%
5width
50%
3yacht
50%
1champ
43%
2disks
43%
2leper
43%
5swaps
43%
3above
40%
2asked
40%
4chose
40%
3erupt
40%
4heats
40%
5hells
40%
2keyed
40%
3odors
40%
2rival
40%
3sixth
40%
5sucks
40%
4trend
40%
5tubas
40%
2aught
33%
5beets
33%
4cheek
33%
5cries
33%
4crops
33%
3drums
33%
4ducks
33%
2endow
33%
4error
33%
5gouts
33%
4gulag
33%
5hazel
33%
4hiree
33%
1inept
33%
3karat
33%
3knots
33%
5lasts
33%
1lucks
33%
2mambo
33%
3minus
33%
3poets
33%
3ponds
33%
5raked
33%
5resin
33%
2siege
33%
3skeet
33%
2stalk
33%
2swarm
33%
3swift
33%
4tacit
33%
5today
33%
3tunic
33%
5wordy
33%
5rigid
29%
3users
29%
3angry
25%
4ashes
25%
2basin
25%
5blurs
25%
4boats
25%
2chaos
25%
4darts
25%
5dodgy
25%
3exile
25%
5hasty
25%
2imago
25%
5lease
25%
3least
25%
4letch
25%
5perch
25%
2recur
25%
3sacks
25%
2scoot
25%
4sodas
25%
3unjam
25%
5usual
25%
3wrong
25%
5abyss
20%
5basil
20%
4basin
20%
3cacao
20%
5cheap
20%
3earns
20%
2excel
20%
4habit
20%
2lathe
20%
5noses
20%
4recur
20%
2skied
20%
5steer
20%
3debut
17%
2dodge
17%
3latte
17%
4logic
17%
4backs
14%
5stank
14%
1abase
0%
3abbey
0%
3abbey
0%
4aboil
0%
3about
0%
5acorn
0%
3actin
0%
1adage
0%
2adder
0%
2admit
0%
4adorn
0%
3afoot
0%
3afoot
0%
4agate
0%
4agent
0%
5agone
0%
3ahead
0%
5album
0%
5album
0%
1alien
0%
5altar
0%
2amaze
0%
3amaze
0%
5ample
0%
1angry
0%
5anime
0%
4annex
0%
3anode
0%
2antic
0%
4apart
0%
3aptly
0%
3arbor
0%
2arbor
0%
5areas
0%
4argon
0%
2argue
0%
4armer
0%
4atilt
0%
3atone
0%
2attic
0%
5aural
0%
3avail
0%
5avert
0%
4awash
0%
5axels
0%
2axels
0%
2axial
0%
5baits
0%
2baldy
0%
1banal
0%
3banal
0%
3banjo
0%
3bares
0%
5basal
0%
5basil
0%
4batts
0%
5bawdy
0%
5bawdy
0%
4bazar
0%
4beefy
0%
3beeps
0%
2befit
0%
4beige
0%
5being
0%
5below
0%
5beret
0%
2bight
0%
4bight
0%
3bigot
0%
5bigot
0%
3bikes
0%
4binge
0%
4bipod
0%
5blaze
0%
4bleak
0%
1blurs
0%
2boars
0%
4boast
0%
4bogus
0%
2bombe
0%
5bongo
0%
3bongo
0%
2booze
0%
3bored
0%
4boson
0%
2bound
0%
4bowel
0%
4braid
0%
5brain
0%
3brain
0%
2braky
0%
5brand
0%
4bread
0%
5bread
0%
2bulge
0%
4bulge
0%
3burly
0%
4butch
0%
1bylaw
0%
2byway
0%
3cache
0%
1cache
0%
5caged
0%
2cameo
0%
3canoe
0%
1carat
0%
2carer
0%
4cease
0%
4cedar
0%
4celts
0%
1chief
0%
2chili
0%
5choir
0%
1chuck
0%
5chugs
0%
4circa
0%
4cited
0%
2clads
0%
5class
0%
3cloud
0%
4coach
0%
2cocoa
0%
1cocoa
0%
4cocos
0%
1colon
0%
4combo
0%
1combs
0%
3comfy
0%
5copes
0%
3credo
0%
5creed
0%
1creme
0%
5creme
0%
2crepe
0%
3crept
0%
5crows
0%
3crust
0%
5cubic
0%
4cubic
0%
4cyber
0%
3dahls
0%
5damps
0%
5dawed
0%
4deads
0%
3debag
0%
5debit
0%
4debug
0%
3decal
0%
4delta
0%
3delta
0%
5delve
0%
2delve
0%
4dines
0%
4dingy
0%
3dinos
0%
2disco
0%
4disco
0%
4ditch
0%
5ditto
0%
3ditto
0%
5diver
0%
4dives
0%
5donut
0%
4dooms
0%
4dosed
0%
3drunk
0%
3drunk
0%
5dunes
0%
5dunes
0%
5duvet
0%
5dwelt
0%
5eager
0%
3eased
0%
4eight
0%
1elbow
0%
1elder
0%
4endow
0%
4enema
0%
3enemy
0%
2enemy
0%
3ensue
0%
3ether
0%
4ethic
0%
1ethos
0%
5event
0%
3exact
0%
4exile
0%
3exist
0%
5faced
0%
5favor
0%
2favor
0%
3fawns
0%
2first
0%
4fishy
0%
1fitly
0%
3flirt
0%
2floor
0%
3fluff
0%
4fluke
0%
3flume
0%
1fluor
0%
3foams
0%
4foots
0%
5foots
0%
4foyer
0%
4franc
0%
2fresh
0%
5froze
0%
2gamba
0%
2gator
0%
5gauge
0%
3gecko
0%
5genie
0%
5germs
0%
3given
0%
4glace
0%
4glass
0%
5glugs
0%
4glute
0%
3gnome
0%
4golem
0%
2golem
0%
2grain
0%
4grant
0%
5grass
0%
5green
0%
1grind
0%
4grins
0%
5groom
0%
4grove
0%
2guard
0%
3guide
0%
2gulag
0%
4gulfs
0%
4gummy
0%
2gypsy
0%
3gyros
0%
5gyros
0%
5hands
0%
1haste
0%
5hefts
0%
3helix
0%
4hells
0%
2henna
0%
1hijab
0%
5hints
0%
2hippo
0%
2hives
0%
4hobby
0%
5hoses
0%
4hotly
0%
2hover
0%
4icing
0%
2icons
0%
2idled
0%
3igloo
0%
4igloo
0%
3image
0%
3image
0%
3imago
0%
5imams
0%
4inane
0%
2index
0%
5inept
0%
5inept
0%
2inert
0%
4inset
0%
2irked
0%
2irked
0%
2irons
0%
5isles
0%
5items
0%
5jerks
0%
2jetty
0%
5jewel
0%
4joker
0%
4joust
0%
5judas
0%
1juice
0%
2junta
0%
3junta
0%
3kanji
0%
4kazoo
0%
4kilos
0%
2kings
0%
1kneel
0%
1kraal
0%
5kraal
0%
5kraut
0%
2kugel
0%
4labia
0%
5lacks
0%
5laded
0%
3lames
0%
2lapis
0%
2laser
0%
1latch
0%
2lazar
0%
3learn
0%
3lease
0%
4least
0%
2ledge
0%
1ledge
0%
2leech
0%
3legit
0%
4lends
0%
5letch
0%
3letch
0%
5liked
0%
1likes
0%
5lions
0%
3litre
0%
1loamy
0%
5locus
0%
5logic
0%
5ludic
0%
5macaw
0%
2maced
0%
2macro
0%
3macro
0%
3magic
0%
5magma
0%
1major
0%
4mamba
0%
4mango
0%
5manic
0%
2manta
0%
1marsh
0%
5masts
0%
5meant
0%
4meows
0%
4merit
0%
4merit
0%
4mince
0%
2mince
0%
4mixup
0%
4mogul
0%
3moist
0%
1moody
0%
3motif
0%
3mount
0%
2muons
0%
2nadir
0%
1newly
0%
4newly
0%
5nitro
0%
4nodes
0%
5nomad
0%
3noose
0%
5noted
0%
2obese
0%
1octal
0%
5octet
0%
1odour
0%
1odour
0%
2offal
0%
4often
0%
1onion
0%
3orate
0%
5organ
0%
5ought
0%
4outed
0%
3overt
0%
2owner
0%
4oxbow
0%
3packs
0%
1pampa
0%
3paves
0%
5peeks
0%
2penal
0%
3perks
0%
3piano
0%
1pigmy
0%
4pilot
0%
4pizza
0%
3poets
0%
5prize
0%
3prove
0%
2proxy
0%
3prune
0%
2puffy
0%
5pupil
0%
3pupil
0%
2pygmy
0%
3pylon
0%
2queen
0%
3quirk
0%
3quite
0%
4radio
0%
3rajah
0%
2ranch
0%
4range
0%
3range
0%
1raspy
0%
3ratio
0%
1rayah
0%
3rayah
0%
3recap
0%
5recap
0%
4redid
0%
4rehab
0%
4relic
0%
5remix
0%
2resin
0%
3retch
0%
4retro
0%
3retry
0%
4reuse
0%
5reuse
0%
5rifle
0%
4right
0%
2roach
0%
3roast
0%
4rodeo
0%
4rough
0%
2ruble
0%
3ruble
0%
3runny
0%
5rusts
0%
2sable
0%
3saggy
0%
5sandy
0%
5satin
0%
4scalp
0%
5scare
0%
5scars
0%
2scary
0%
2scene
0%
3scram
0%
3sects
0%
5seems
0%
3shaft
0%
4sheik
0%
1shout
0%
2shuns
0%
1shyer
0%
5sieve
0%
4sigma
0%
3sinus
0%
2sisal
0%
2sisal
0%
3sixty
0%
5sized
0%
5skews
0%
5skunk
0%
3slack
0%
4small
0%
4smash
0%
4smelt
0%
3snort
0%
5soapy
0%
5soggy
0%
1spacy
0%
4split
0%
5stars
0%
4steak
0%
2steak
0%
5steak
0%
3steal
0%
4steer
0%
5stems
0%
5stock
0%
4stoma
0%
2sugar
0%
4swain
0%
5swell
0%
4swine
0%
5swing
0%
3sword
0%
4swung
0%
2tacit
0%
2taiga
0%
3tails
0%
4taken
0%
5tempo
0%
5texas
0%
4texas
0%
3theft
0%
4theta
0%
5thief
0%
1think
0%
2threw
0%
4threw
0%
1thumb
0%
2today
0%
5tombs
0%
4tonic
0%
2torch
0%
4towel
0%
3tract
0%
5trays
0%
5trees
0%
5trick
0%
3truth
0%
3tubed
0%
4tubed
0%
3turbo
0%
3turbo
0%
3tutor
0%
4twain
0%
1typos
0%
1umbra
0%
4unarm
0%
2unban
0%
4unbox
0%
2uncap
0%
4unfit
0%
5unjam
0%
1untie
0%
5unzip
0%
5upper
0%
1usual
0%
2venue
0%
2verse
0%
5vials
0%
2vials
0%
1video
0%
3vigil
0%
2vigil
0%
1vivid
0%
5vodka
0%
3vomit
0%
1voter
0%
5wands
0%
3wands
0%
5wears
0%
5weary
0%
5weave
0%
5whack
0%
4width
0%
5winds
0%
4woman
0%
1wonky
0%
2wooly
0%
5woosh
0%
1world
0%
5would
0%
3yawns
0%
1zaire
0%
1zooms
0%

Score Distribution

Percentile by Number Answered

Percent of People with Each Score

Your Score History

You have not taken this quiz